Accounting: theory and practice. / (Record no. 992)
[ view plain ]
| 000 -LEADER | |
|---|---|
| fixed length control field | 02081nam a22002177a 4500 |
| 005 - DATE AND TIME OF LATEST TRANSACTION | |
| control field | 20210414113947.0 |
| 008 - FIXED-LENGTH DATA ELEMENTS--GENERAL INFORMATION | |
| fixed length control field | 120529t xxu||||| |||| 00| 0 eng d |
| 020 ## - INTERNATIONAL STANDARD BOOK NUMBER | |
| International Standard Book Number | 0273651617 |
| 050 ## - LIBRARY OF CONGRESS CALL NUMBER | |
| Classification number | HF5625.G58 |
| 100 ## - MAIN ENTRY--PERSONAL NAME | |
| Personal name | Glautier, M.W.E. |
| 245 ## - TITLE STATEMENT | |
| Title | Accounting: theory and practice. / |
| Statement of responsibility, etc. | Michel William Edgard Glautier and Brian Underdown |
| 250 ## - EDITION STATEMENT | |
| Edition statement | 7th edition |
| 260 ## - PUBLICATION, DISTRIBUTION, ETC. | |
| Place of publication, distribution, etc. | Boston; |
| Name of publisher, distributor, etc. | Prentice Hall, |
| Date of publication, distribution, etc. | 2001. |
| 300 ## - PHYSICAL DESCRIPTION | |
| Extent | xii, 716 p. ; |
| Other physical details | ill. : |
| Dimensions | 24.3 cm. |
| 500 ## - GENERAL NOTE | |
| General note | Includes index. |
| 505 ## - FORMATTED CONTENTS NOTE | |
| Formatted contents note | Contents: Scope of accounting -- Accounting as an information system -- The Role of accounting theory -- Financial accounting statements -- Financial accounting concepts -- Financial accounting standards - - The Generation of financial accounting data -- Data processing and double-entry bookkeeping -- Double-entry bookkeeping and periodic measurement -- Losses in asset values and periodic measurement -- Preparing a profit and loss account and a balance sheet -- Reporting recorded assets and liabilities -- Companies: their nature and regulation -- Published financial statements -- Cash flow statements -- Interpreting and comparing financial reports -- Financial accounting for groups of companies -- Understanding consolidated financial statements -- Capital, value, income -- Accounting and economic conecepts of income and value -- Accounting for changing prices -- Reporting to investors -- Reporting to employees -- Social accounting -- The Processes of management -- Traditional cost accounting -- ABC and JIT -- Cost-volume-profit analysis -- Marginal costing -- Pricing -- Short-run tactical decisions -- Capital investment decisions -- Budgeting for planning and control -- Organizing for control -- Standard cost and variance analysis -- The Control of managed costs -- Behavioural aspects of performance evaluation -- Strategic dimensions -- Appendix: Solutions to self-assessment questions and problems. |
| 650 ## - SUBJECT ADDED ENTRY--TOPICAL TERM | |
| Topical term or geographic name entry element | Accounting |
| General subdivision | Capital asset pricing model |
| 650 ## - SUBJECT ADDED ENTRY--TOPICAL TERM | |
| Topical term or geographic name entry element | Capital asset pricing model. |
| 700 ## - ADDED ENTRY--PERSONAL NAME | |
| Personal name | Underdown, Brian. |
| 942 ## - ADDED ENTRY ELEMENTS (KOHA) | |
| Source of classification or shelving scheme | Library of Congress Classification |
| Koha item type | Books |
| Withdrawn status | Lost status | Source of classification or shelving scheme | Damaged status | Not for loan | Home library | Current library | Shelving location | Date acquired | Total Checkouts | Full call number | Barcode | Date last seen | Copy number | Price effective from | Koha item type |
|---|---|---|---|---|---|---|---|---|---|---|---|---|---|---|---|
| Library of Congress Classification | WISCONSIN INTERNATIONAL UNIVERSITY COLLEGE, GHANA - MAIN LIBRARY | WISCONSIN INTERNATIONAL UNIVERSITY COLLEGE, GHANA - MAIN LIBRARY | General Stacks | 29/05/2012 | HF5625.G58 | 2718/12 | 29/05/2012 | 1 | 29/05/2012 | Books | |||||
| Library of Congress Classification | WISCONSIN INTERNATIONAL UNIVERSITY COLLEGE, GHANA - MAIN LIBRARY | WISCONSIN INTERNATIONAL UNIVERSITY COLLEGE, GHANA - MAIN LIBRARY | General Stacks | 29/05/2012 | HF5625.G581 | 2719/12 | 29/05/2012 | 2 | 29/05/2012 | Books | |||||
| Library of Congress Classification | WISCONSIN INTERNATIONAL UNIVERSITY COLLEGE, GHANA - MAIN LIBRARY | WISCONSIN INTERNATIONAL UNIVERSITY COLLEGE, GHANA - MAIN LIBRARY | General Stacks | 29/05/2012 | HF5625.G582 | 2720/12 | 29/05/2012 | 3 | 29/05/2012 | Books |
